Statistics for New York Islanders Roster

Click here to take the quiz!

General Stats

  • This quiz has been taken 24 times
    (7 since last reset)
  • The average score is 21 of 26

Answer Stats

PositionAnswer% Correct
DefensemanAdam Pelech
100%
Left WingAnders Lee
100%
Right WingCal Clutterbuck
100%
GoaltenderIlya Sorokin
100%
CenterJean-Gabriel Pageau
100%
Right WingKyle Palmieri
100%
CenterMatthew Barzal
100%
Left WingMatt Martin
100%
DefensemanNoah Dobson
100%
DefensemanRyan Pulock
100%
DefensemanScott Mayfield
100%
DefensemanSebastian Aho
100%
GoaltenderSemyon Varlamov
100%
DefensemanAlexander Romanov
80%
CenterBo Horvat
80%
CenterBrock Nelson
80%
CenterCasey Cizikas
80%
Left WingPierre Engvall
80%
Right WingHudson Fasching
60%
CenterKyle MacLean
60%
DefensemanMike Reilly
60%
Right WingOliver Wahlstrom
60%
DefensemanRobert Bortuzzo
60%
DefensemanSamuel Bolduc
60%
Right WingSimon Holmström
60%
Right WingJulien Gauthier
20%

Score Distribution

Percentile by Number Answered

Percent of People with Each Score

Your Score History

You have not taken this quiz since the last reset